000 00932nam a2200265Ia 4500
003 OSt
005 20220923211422.0
006 a|||||r|||| 00| 0
007 ta
008 220922b |||||||| |||| 00| 0 san d
020 _a9788193539538 (hbk)
_c1200
024 _a348,248
037 _b244, 16/01/2019, Eastern Book Linkers
_cTextual
040 _aARTS
_cARTS
_bsan
041 _2san
_asan
082 _aR625x1,1, 15Q8
100 _aवात्स्यायन, ले.
_9160429
245 0 _aन्यायदर्शनम्
246 _aNyāyadarshanam
260 _aवाराणसी
_b द भारतीय विद्या प्रकाशन
_c2018
300 _a474पृ0
_ccm.
650 _aदर्शनशास्त्र
942 _hR625x1,1, 15Q8
_cTEXL
_2CC
999 _c299288
_d299288